Se puede humanizar la globalización; conferencia /
保存先:
| 第一著者: | |
|---|---|
| フォーマット: | テキスト |
| 主題: | |
| タグ: |
タグ追加
タグなし, このレコードへの初めてのタグを付けませんか!
|
MARC
| LEADER | 00000 a a2200000 04500 | ||
|---|---|---|---|
| 001 | 2333 | ||
| 003 | |||
| 040 | |||
| 100 | |a Schori, Pierre | ||
| 245 | |a Se puede humanizar la globalización; conferencia / |c Pierre Schori | ||
| 650 | |a LIBERALIZACION DEL INTERCAMBIO | ||
| 650 | |a POLITICA | ||
| 650 | |a ESTADO | ||
| 650 | |a SOCIEDAD CIVIL | ||
| 650 | |a MERCADO | ||
| 650 | |a LIBRE COMERCIO | ||
| 650 | |a DERECHOS HUMANOS | ||
| 650 | |a ONU | ||
| 650 | |a POBREZA | ||
| 650 | |a EQUIDAD SOCIAL | ||
| 773 | |g volumen 17, número 1; páginas 15-16 | ||
| 999 | |c 31118 |d 31118 | ||
